000 00519nam a22002057a 4500
999 _c7228
_d7228
003 Ost
005 20190509093229.0
008 190509b ||||| |||| 00| 0 eng d
020 _a9789332902831
040 _cBT-PhCST
050 _a22464-22465
082 _222
_a621.3822
_bSAL
100 _aSalivahanan, S.
245 _aDigital signal processing /
250 _a3rd ed.
260 _aNew Delhi :
_bMcGraw-Hill,
_cc2015.
300 _axv, 924 p.:
_bill. ;
_c23 cm.
500 _aIncludes index.
942 _2ddc
_cECE